000 01113nam a2200325Ia 4500
001 dia_136
003 CHAP
005 20221208114334.0
008 220117s1977 xx 000 0 und d
010 _a170568
020 _a968-26-0670-5
040 _cCHAP
082 _a658.562015195 G73 1977
100 _aGrant, Eugene Lodewick
_9147188
245 _aControl estadístico de calidad /
_c Eugene L. Grant y Richard S. Leavenworth ; traducción Departamento Técnico de CECSA
260 _aMéxico :
_b CECSA,
_c1977
300 _axiii, 708 p.
500 _aTítulo original: Statistical quality control
503 _aC/e (ej.2)
504 _aBibliografía: p. 649-655
590 _aTS156 G73 1977
650 _aControl de calidad
_xMétodos estadísticos
_9147134
650 _aQuality control
_xStatistical methods
_9147135
700 _aLeavenworth, Richard S., coaut.
_9147190
710 _aDepartamento Técnico de CECSA, tr.
_9147328
901 _a658.562015195 G73 1977
902 _aM
905 _a5232271977 mx amn 8222223322spa16
942 _cLIBRO
_2ddc
999 _c170568
_d170568